MDQL
is popping MORE tags! Check the
thread
!
Quizzes
Events
Quiz Creation
Community
Videos
Private Events
Remove Ads
Sign In
Join for FREE
Feedback
Dark Mode
Quiz Categories
Sports
Geography
Music
Movies
Television
Just For Fun
Miscellaneous
History
Literature
Language
Science
Gaming
Entertainment
Religion
Holiday
For Kids
Quiz Lab
Recent
Popular Today
Quiz Kudos Today
Editor Picks
Curator Picks
Quizzes by...
Day
Popularity
Type
Ratings
Length
Year
Community
Subscriptions
Recent Discussions
Orange Saloon
Badges
Playlists
Quests
Create
Leaderboards
Showdown
Live 5
Trivia Bingo
Activity
Puzzle Library
Sporcle Events
Private Events
Virtual Trivia
Globe League
Become a Host
Pub Owners
SporcleCon
Opinionation
Our Games
Videos
Blog
Mobile Apps
Partnerships
Remove Ads and Go Orange
Feedback
Language
Vocabulary
Begins and Ends
Definition
Spanish
French
German
Italian
Chinese
Latin
Translation
Japanese
Language
Vocabulary
Begins and Ends
Definition
Spanish
French
German
Italian
Chinese
Latin
Translation
Japanese
Random Quiz
Search Sporcle
×
Quiz Lab
Quiz Lab
Language
Type in answers that appear in a list
Type in answers that appear in a list
Classic
Best Score? Go Orange.
French Verb Conjugations Stats
Can you name the French Verb Conjugations?
By
RomeoDude
6m
96 Questions
183 Plays
183 Plays
183 Plays
Comments
Comments
Give Quiz Kudos
Give Quiz Kudos
-
- Ratings
hide this ad
Forced Order
Answers have to be entered in order
Answers have to be entered in order
Replay
Link that replays current quiz
Next Quiz
Link to next quiz in quiz playlist
You Got
0%
They Got
Avg Score
73%
Avg Friend Score
Upgrade to see
Score Distribution
Jump to the score distribution portion of the page
Score
0/96
Timer
06:00
0
Plays Today
verb
% Correct
Aller
Allons
95.1%
Aller
Allez
95.1%
Aller
Vais
94.5%
Aller
Va
94%
Avoir
Ai
94%
Avoir
As
94%
Avoir
Avons
94%
Avoir
Avez
94%
Aller
Vas
93.4%
Avoir
A
93.4%
Aller
Vont
91.8%
Avoir
Ont
90.7%
Boire
Bois
88.5%
Boire
Bois
88%
Boire
Boit
87.4%
Etre
Suis
85.8%
Etre
Es
85.2%
Etre
Est
84.7%
Faire
Fais
84.7%
Etre
Sont
84.2%
Faire
Fais
83.6%
Etre
Sommes
83.1%
Faire
Fait
82.5%
Etre
Etes
82%
Faire
Faisons
80.3%
Dire
Dis
79.2%
Dire
Dis
79.2%
Dire
Dit
79.2%
Prendre
Prends
77.6%
Prendre
Prends
77.6%
Ecrire
Ecris
77%
Ecrire
Ecris
77%
verb
% Correct
Ecrire
Ecrit
77%
Lire
Lit
77%
Prendre
Prend
77%
Lire
Lis
76.5%
Lire
Lis
76.5%
Pouvoir
Peux
76%
Pouvoir
Peux
76%
Lire
Lisons
74.3%
Mettre
Met
74.3%
Pouvoir
Peut
74.3%
Mettre
Mets
73.8%
Mettre
Mets
73.8%
Lire
Lisez
73.2%
Lire
Lisent
72.7%
Rire
Ris
72.7%
Devoir
Dois
72.1%
Devoir
Dois
72.1%
Devoir
Doit
72.1%
Devoir
Devons
72.1%
Dire
Disons
72.1%
Rire
Ris
72.1%
Rire
Rit
72.1%
Faire
Font
71.6%
Mettre
Mettons
71.6%
Pouvoir
Pouvons
71.6%
Boire
Buvons
71%
Boire
Buvez
71%
Devoir
Devez
71%
Pouvoir
Pouvez
71%
Prendre
Prenons
71%
Ecrire
Ecrivons
70.5%
Mettre
Mettez
70.5%
verb
% Correct
Ecrire
Ecrivez
69.9%
Prendre
Prenez
69.9%
Faire
Faites
69.4%
Ecrire
Ecrivent
68.9%
Boire
Boivent
68.3%
Mettre
Mettent
68.3%
Dire
Disent
67.8%
Vouloir
Veux
67.2%
Vouloir
Veux
67.2%
Pouvoir
Peuvent
66.7%
Prendre
Prennent
66.7%
Sortir
Sors
66.7%
Vouloir
Veut
66.7%
Sortir
Sort
66.1%
Voir
Vois
66.1%
Voir
Vois
66.1%
Voir
Voit
66.1%
Sortir
Sors
65.6%
Vouloir
Voulons
65.6%
Vouloir
Voulez
65%
Devoir
Doivent
63.9%
Sortir
Sortons
63.4%
Sortir
Sortez
62.8%
Sortir
Sortent
61.7%
Vouloir
Veulent
60.1%
Dire
Dites
58.5%
Voir
Voyons
53.6%
Voir
Voyez
53.6%
Voir
Voient
49.7%
Rire
Rions
43.2%
Rire
Riez
42.6%
Rire
Rient
42.6%
Quiz Playlist
Details
Report
Send in Message
Add To Playlist
Classic:
Type in answers that appear in a list
Forced Order:
Answers have to be entered in order
Last Updated: Feb 16, 2017
Quiz Scoreboard
CHALLENGE
Sign Up to Join the Scoreboard
Show All
Scores
Hide
Comments
May contain spoilers
Recently Published
5x2 Blitz: Bands
by SL_Kpop136
Music
30s
Colored Red Africa Blitz
by spor1
Geography
30s
Find the 'City' Movie
by crazypaving
Movies
60s
More to Explore
Quiz From the Vault
Featured Blog Post
14 Easter Pick-up Lines to Find Eggs With
hide this ad
You Might Also Like...
Tags
This quiz does not have any tags.
Today's Top Quizzes in Language
Browse Language
hide this ad
Top Contributed Quizzes in Language
1
What Word Starts All?
2
Arabic Numerals
3
1-10 Letter F Words III
4
1-10 Letter G Words III
5
1-10 Letter H Words III
6
1-10 Letter I Words III
7
Latihan Huruf Hiragana KA KI KU KE KO
8
Weisst du, aus welchen Sprachen diese Wörter stammen?
9
1-10 Letter J Words III
10
1-10 Letter K Words III
Explore More
Trending Topics
Disney
NBA
Crossword
Anime
Marvel
Kpop
Harry Potter
Soccer
The Office
Country
NFL
Song
Pokémon
Puzzle
WWE
hide this ad
More By:
RomeoDude
Quiz
Plays
Rating
Category
Featured
Created
French Verb Conjugations
183
Language
Aug 13, 2010
Go to Creator's Profile
Score Distribution
Quiz Creator Spotlight
RomeoDude
Follow
Send a Message
Quizzes Created
-
Created Quiz Play Count
-
More By This Creator
Popular Quizzes Today
1
Colored Red Africa Blitz
2
Find the US States - No Outlines Minefield
3
Find the 'City' Movie
4
5x2 Blitz: Bands
5
The Countries of the World
6
Find the US States
7
Find the Countries of Europe - No Outlines Minefield
8
US States
More Language Quizzes
5 from 15: Spellings -Ending in R
Quiz Lab
Trending Quizzes
Colored Red Europe Blitz I
Colored Red Europe Blitz II
Colored Red Africa Blitz II
Colored Red Europe Blitz III
Colored Red Africa Blitz III
Recently Updated
How Do You Spell That?
pecheneg
Godzilla Movies
pecheneg
Grab Bag: 4-10 Letters
pecheneg
2024 March Madness Bracket
pecheneg
Famous TV Couples
Peacemaker
Champions League XIs: Real Madrid
pecheneg
Largest US Cities 1790-2010
pecheneg
Rides in Walt Disney World
pecheneg
Most Oscar Losses (Acting)
pecheneg
Beyoncé Albums
pecheneg
Trending Topics
Kpop
Marvel
Harry Potter
Disney
NBA
Crossword
Anime
NFL
The Office
WWE
Country
Soccer
Pokémon
Song
Puzzle
Your Account Isn't Verified!
In order to create a playlist on Sporcle, you need to verify the email address you used during registration. Go to your
Sporcle Settings
to finish the process.
Report this User
Report this user for behavior that violates our
Community Guidelines
.
Details:
Send Report
Go to the Sporcle.com Mobile Site →
Comments